| 000 | 00610nam a22001577a 4500 | ||
|---|---|---|---|
| 003 | OSt | ||
| 005 | 20150910145201.0 | ||
| 008 | 150910b xxu||||| |||| 00| 0 eng d | ||
| 040 | _cRUA | ||
| 082 | _aAGR ឡាង 1995 B013 Or.1 | ||
| 100 |
_9248 _aឡាង មណ្ឌល |
||
| 245 | _aអន្តកម្មរវាងជីលាមកគោនិងជីគីមីលើលក្ខខ័ណ្ឌមិនប្រក្រតីនៃការលូតលាស់របស់ដំណាំស្រូវ | ||
| 260 |
_aPhnom Penh _bRUA _c1995 |
||
| 300 |
_a67p. _bill. _c29cm. |
||
| 942 |
_2ddc _cAGR |
||
| 999 |
_c232 _d232 |
||